Undertale Yellow Major Characters - Statistics

General Stats
  • This quiz has been taken 59 times
  • The average score is 10 of 15
Answer Stats
Hint Answer % Correct
2. Goat mom who barely gets any screentime Toriel
100%
1. The player, fallen child with the yellow soul Clover
98%
3. The player's sidekick, who helps them SAVE Flowey
91%
4. Lonely shy vampire Dalv
81%
15. King of the Underground, former husband of #2 Asgore Dreemurr
72%
5. Bird in the Royal Guard Martlet
72%
6. Leader of the Feisty Five, sheriff of the Wild East Starlo
70%
11. Kitsune mother, follows the player around in the Steamworks in a Pacifist Run. Ceroba Ketsukane
67%
14. Robot in the Steamworks, built by #12 Axis Model 014
63%
12. Husband of #11 Chujin Ketsukane
60%
13. Daughter of #11 and #12 Kanako Ketsukane
60%
7. Pink ogre who carries the player on his shoulder Ed
53%
8. Non-binary fish who is very nice Moray
49%
9. Top hat, covered up, only one eye visible. May be a slime monster. Who knows? Ace
47%
10. Squirrel who steals things Mooch
47%
No matching quizzes found
Score Distribution
Percent of People with Each Score
Percentile by Number Answered
Your Score History
You have not taken this quiz